Wird geladen...
Contemporary Bengali Literature POETRY
| Weitere Verfasser: | |
|---|---|
| Format: | Printed Book |
| Veröffentlicht: |
Calcutta;
Academic Publishers
|
| Ausgabe: | 1st |
| Schlagworte: |
| LEADER | 00504nam a22001457a 4500 | ||
|---|---|---|---|
| 082 | |a 821 |b GHO/C | ||
| 245 | |a Contemporary Bengali Literature POETRY | ||
| 250 | |a 1st | ||
| 260 | |a Calcutta; |b Academic Publishers | ||
| 300 | |a 139p. | ||
| 650 | |a English Poetry Literature |9 299452 | ||
| 700 | |a Ghose Sukumar (Ed.) |9 164034 | ||
| 942 | |c BK | ||
| 999 | |c 62172 |d 62172 | ||
| 952 | |0 0 |1 0 |4 0 |6 821_000000000000000_GHO_C |7 0 |8 Englishp |9 74546 |a MAL |b MAL |d 2016-09-30 |e 19486 |g 20.00 |l 0 |o 821 GHO/C |p MAL019486 |r 2016-09-30 |t 1 |w 2016-09-30 |y BK | ||